|
|
|
|
| LEADER |
00713nab a2200181 i 4500 |
| 001 |
acta1662 |
| 005 |
20210421130040.0 |
| 008 |
161015s1982 hu o 0|| ita d |
| 022 |
|
|
|a 0567-8099
|
| 040 |
|
|
|a SZTE Egyetemi Kiadványok Repozitórium
|b hun
|
| 041 |
|
|
|a ita
|
| 100 |
1 |
|
|a Benedek Nándor
|
| 245 |
1 |
0 |
|a Questioni teoriche delle richerche linguistiche contrastive italo-ungheresi
|h [elektronikus dokumentum] /
|c Benedek Nándor
|
| 260 |
|
|
|c 1982
|
| 300 |
|
|
|a 3-35
|
| 490 |
0 |
|
|a Acta Universitatis Szegediensis de Attila József Nominatae : acta romanica
|v 7
|
| 695 |
|
|
|a Nyelvtudomány - tanulmány, Kontrasztív nyelvészet
|
| 856 |
4 |
0 |
|u http://acta.bibl.u-szeged.hu/1662/1/romanica_007_003-035.pdf
|z Dokumentum-elérés
|